LIBRARY ONLINE CATALOGUE

Early childhood education today. (Record no. 10686)

MARC details
000 -LEADER
fixed length control field 00632nam a22002052 4500
001 - CONTROL NUMBER
control field 0000003576
005 - DATE AND TIME OF LATEST TRANSACTION
control field 20151217154341.0
008 - FIXED-LENGTH DATA ELEMENTS--GENERAL INFORMATION
fixed length control field 070510s xx 000 0 eng d
020 ## - INTERNATIONAL STANDARD BOOK NUMBER
International Standard Book Number 0132286211 :
Terms of availability GBP 52.99
040 ## - CATALOGING SOURCE
Original cataloging agency KABU
Transcribing agency KABU
050 #0 - LIBRARY OF CONGRESS CALL NUMBER
Classification number LB1139.25
Item number .M67 2007
100 1# - MAIN ENTRY--PERSONAL NAME
Personal name Morrison, George S.
-- 0000153584
245 10 - TITLE STATEMENT
Title Early childhood education today.
260 ## - PUBLICATION, DISTRIBUTION, ETC. (IMPRINT)
Place of publication, distribution, etc. Upper River, NJ :
Name of publisher, distributor, etc. Pearson Prentice Hall,
Date of publication, distribution, etc. 2007.
300 ## - PHYSICAL DESCRIPTION
Extent xxvi, 566 p.
650 #0 - SUBJECT ADDED ENTRY--TOPICAL TERM
Topical term or geographic name as entry element Earl childhood education
Geographic subdivision United States.
-- 0000153585
908 ## - PUT COMMAND PARAMETER (RLIN)
Put command parameter 070510
950 ## - LOCAL HOLDINGS (RLIN)
-- 1
Holdings
Withdrawn status Lost status Source of classification or shelving scheme Not for loan Home library Current library Date acquired Total Checkouts Full call number Barcode Date last seen Price effective from Koha item type
    Library of Congress Classification   Kabarak, Main Campus Kabarak, Main Campus 17/12/2015   LB1139.25 .M67 2007 008598 17/12/2015 17/12/2015 General Collection